Spell the Marvel Hero #63 - Statistics

General Stats
  • This quiz has been taken 14 times
  • The average score is 8 of 11
Answer Stats
Picture Answer % Correct
Ant-Man
100%
Captain America
100%
Iron Man
100%
Nick Fury
100%
Emma Frost
82%
American Dream
73%
Machine Man
64%
Meggan
64%
Night Thrasher
64%
Maverick
45%
Haechi
27%
No matching quizzes found
Score Distribution
Percent of People with Each Score
Percentile by Number Answered
Your Score History
You have not taken this quiz